Statistics for Cell Phone Manufacturers

Click here to take the quiz!

General Stats

  • This quiz has been taken 46 times
  • The average score is 7 of 12

Answer Stats

Country of OriginAnswer% Correct
South KoreaSamsung
100%
FinlandNokia
93%
USAApple
86%
USAMotorola
67%
JapanSony
62%
CanadaBlackberry
57%
South KoreaLG
55%
ChineseHuawei
50%
TaiwanHTC
43%
FinlandMicrosoft
26%
NetherlandsPhilips
21%
ChinaLenovo
12%

Score Distribution

Percentile by Number Answered

Percent of People with Each Score

Your Score History

You have not taken this quiz